|
|
|
|
| LEADER |
00000cas a2200000 a 4500 |
| 003 |
Ucuenca |
| 005 |
20230308202424.0 |
| 008 |
005112|2005 ec |||||r|||||||||||spa|| |
| 040 |
|
|
|b spa
|
| 041 |
0 |
|
|a spa
|
| 082 |
0 |
|
|a 340.05
|b D764b
|
| 110 |
1 |
|
|a Dirección Nacional de Rehabilitación Social
|g DNRS
|9 209998
|
| 245 |
|
|
|a Boletín estadístico: el sistema penitenciario ecuatoriano en cifras
|c DNRS
|h imp
|
| 264 |
|
|
|a Quito
|b DNRS
|c 2004-2005
|
| 300 |
|
|
|a 62 páginas:
|b ilu
|c 21 cm
|
| 362 |
|
|
|a 2004-2005
|
| 650 |
|
|
|a Sistema penitenciario ecuatoriano
|9 166060
|
| 650 |
|
|
|a Centros de rehabilitacion social
|9 141237
|
| 650 |
|
0 |
|a Estadística
|9 7865
|
| 852 |
|
|
|a UC-CDJBV
|f Donación
|l 1
|m General
|p 20051121
|q 1.00
|r 2
|b 0
|d CDRC
|e CDRC
|g 340.05 D764b TERCER PISO (SECCION REVISTAS)
|z 2005-51-12
|
| 942 |
|
|
|c SER
|
| 999 |
|
|
|c 101976
|d 101976
|